IFM Opac

socialism in one country 1924-1926 (Record no. 18391)

MARC details
000 -LEADER
fixed length control field 00392nam a22001457a 4500
082 ## - DEWEY DECIMAL CLASSIFICATION NUMBER
Classification number 947.0842 CAR
100 ## - MAIN ENTRY--PERSONAL NAME
Personal name Carr, Edward. Hallett
245 ## - TITLE STATEMENT
Title socialism in one country 1924-1926
250 ## - EDITION STATEMENT
Edition statement volume 3
260 ## - PUBLICATION, DISTRIBUTION, ETC.
Place of publication, distribution, etc. United state of Amerca
Name of publisher, distributor, etc. Penguin books
Date of publication, distribution, etc. 1964
300 ## - PHYSICAL DESCRIPTION
Extent xiii, 1097p.
Other physical details ill., 18cm
500 ## - GENERAL NOTE
General note include index
650 ## - SUBJECT ADDED ENTRY--TOPICAL TERM
Topical term or geographic name entry element principle of foreign policy
942 ## - ADDED ENTRY ELEMENTS (KOHA)
Koha item type Books
Holdings
Withdrawn status Lost status Source of classification or shelving scheme Damaged status Not for loan Home library Current library Shelving location Date acquired Full call number Barcode Date last seen Price effective from Koha item type
    Dewey Decimal Classification     IFM Main Campus Library IFM Main Campus Library   08/15/2017 947.0842 CAR 0000011977 08/15/2017 08/15/2017 Books